000 00993nam a22002537a 4500
005 20170124102953.0
010 _aB-039817
020 _c95.00
_a8171195877
035 _aB-039817
037 _bCen Lib/Ret
040 _aDPL
_bHN
082 _a
_bदानीरा
100 _aदानी, राजेन्द्र
_942810
245 _aकछुए की तरह /
_cराजेन्द्र दानी
246 _aKachhua ki tarha /
_bby Rajendra Dani
260 _aनयी दिल्ली
_bराधाकृष्ण प्रकाशन
_c2001
270 _aज़ी-17, जगतपुरी
_bनयी दिल्ली
_e110051
300 _a119पृ.
_c21सेमी (सजिल्द)
650 _aहिन्दी साहित्य
_952410
650 _aकहानी संग्रह
_952411
650 _aHindi literature
_952412
650 _aStory collection
_952413
942 _2ddc
_cHN
_h
_mदानीरा
999 _c113475
_d113475